Old yarns knit together (Record no. 15095)

MARC details
000 -LEADER
fixed length control field 00681cam a22002171 4500
001 - CONTROL NUMBER
control field ca 17001535
003 - CONTROL NUMBER IDENTIFIER
control field DLC
005 - DATE AND TIME OF LATEST TRANSACTION
control field 20260227111103.0
008 - FIXED-LENGTH DATA ELEMENTS--GENERAL INFORMATION
fixed length control field 851211s1882 nyua 000 0 eng
010 ## - LIBRARY OF CONGRESS CONTROL NUMBER
LC control number ca 17001535
035 ## - SYSTEM CONTROL NUMBER
System control number (OCoLC)12895116
040 ## - CATALOGING SOURCE
Original cataloging agency DLC
Transcribing agency CtNbC
Modifying agency DLC
042 ## - AUTHENTICATION CODE
Authentication code premarc
050 00 - LIBRARY OF CONGRESS CALL NUMBER
Classification number P563
100 1# - MAIN ENTRY--PERSONAL NAME
Personal name Phillips, W. H.
Fuller form of name (William Hamilton),
Dates associated with a name 1830-1916,
Relator term ed.
245 10 - TITLE STATEMENT
Title Old yarns knit together
Statement of responsibility, etc. by Jackson Slocum of New York [pseud.] ... Ed. by Hon. Wm. Hamilton Phillips ...
260 ## - PUBLICATION, DISTRIBUTION, ETC.
Place of publication, distribution, etc. New York,
Name of publisher, distributor, etc. Phillips Osborne,
Date of publication, distribution, etc. 1882.
300 ## - PHYSICAL DESCRIPTION
Extent 64 p.
Other physical details illus.
Dimensions 20 cm.
490 0# - SERIES STATEMENT
Series statement Scrap book series.
Volume/sequential designation no. 1
650 #0 - SUBJECT ADDED ENTRY--TOPICAL TERM
Topical term or geographic name entry element American wit and humor.

No items available.

Powered by Koha